000 00628nam a2200181 a 4500
001 000030002
005 20200930055955.0
008 110428s1989 dr d 000 0 spa d
040 _aDO-SdBNP
_bspa
_cBNPHU
082 _axxx
_bT291i
245 1 0 _aTendencias en la investigación de la enfermedad diarreica aguda /
_ceditor Hugo R. Mendoza.
260 _aSanto Domingo, :
_bCENISMI,
_c1989.
300 _a25 p. ;
_c27 cm.
490 1 _aPublicaciones técnicas
700 1 _aMendoza, Hugo R.
_eed.
_96390
710 2 _aCentro Nacional de Investigaciones en Salud Materno Infantil
_955757
830 0 _aPublicaciones técnicas
_955758
999 _c29494
_d29494